Το κατ' ενωμοτίας σύστημα

Αποθηκεύτηκε σε:
Λεπτομέρειες βιβλιογραφικής εγγραφής
Κύριος συγγραφέας: Philipps, Roland E.
Άλλοι συγγραφείς: Κουρμούλης, Νίκος Κ. (Μεταφραστής)
Μορφή: Βιβλίο
Γλώσσα:Greek
Δημοσίευση: Αθήναι : Προσκοπικό πρατήριο, [1938]
Θέματα:
Ετικέτες: Προσθήκη ετικέτας
Δεν υπάρχουν, Καταχωρήστε ετικέτα πρώτοι!

MARC

LEADER 00000cam a2200000 i 4500
001 1/94256
008 080919s1938 gre d
035 |l 10100312 
040 |a GR-MY-UA  |b gre  |e aacr 
041 0 |a gre 
082 0 |a ΑΚΑ 369.43  |2 (22) 
100 1 |a Philipps, Roland E. 
245 1 3 |a Το κατ' ενωμοτίας σύστημα /  |c Roland E. Philipps ; μετάφραση: Νικ. Κ. Κουρμούλη 
260 |a Αθήναι :   |b Προσκοπικό πρατήριο,   |c [1938] 
300 |a 48 σ.;  |c 17 εκ. 
650 0 0 |a Scouting (Youth activity) 
650 0 0 |a Youth  |x Attitudes. 
650 0 0 |a Boy Scouts. 
700 1 |a Κουρμούλης, Νίκος Κ.  |4 trl 
852 |a INST  |b RHODES  |c AKA  |e 20080919  |h  369.43 PHI  |p 005400028367  |q 005400028367  |t BK  |y 0 
901 |a BIBL4-2008-3 
909 |a Ρ  |b 153290 
970 |a ΜΙΣΣΟΣ  |b ΣΤΑΥΡΟΣ  |z 2008/09/19